Sonic ethnography : Identity, heritage and creative research practice in Basilicata, southern Italy (Record no. 52731)
[ view plain ]
| 000 -LEADER | |
|---|---|
| fixed length control field | 02415nam a2200253Ia 4500 |
| 000 - LEADER | |
| fixed length control field | 03143naaa 00421uu |
| 001 - CONTROL NUMBER | |
| control field | https://directory.doabooks.org/handle/20.500.12854/63733 |
| 005 - DATE AND TIME OF LATEST TRANSACTION | |
| control field | 20211222141208.0 |
| 008 - FIXED-LENGTH DATA ELEMENTS--GENERAL INFORMATION | |
| fixed length control field | 211013s9999 xx 000 0 und d |
| 042 ## - AUTHENTICATION CODE | |
| Authentication code | dc |
| 100 1# - MAIN ENTRY--PERSONAL NAME | |
| Personal name | Ferrarini, Lorenzo |
| 245 #0 - TITLE STATEMENT | |
| Title | Sonic ethnography : Identity, heritage and creative research practice in Basilicata, southern Italy |
| 260 ## - PUBLICATION, DISTRIBUTION, ETC. | |
| Place of publication, distribution, etc. | Manchester |
| Name of publisher, distributor, etc. | Manchester University Press |
| Date of publication, distribution, etc. | 2020 |
| 300 ## - PHYSICAL DESCRIPTION | |
| Extent | 1 electronic resource (240 p.) |
| 520 ## - SUMMARY, ETC. | |
| Summary, etc. | Sonic ethnography explores the role of sound-making and listening practices in the formation of local identities in the southern Italian region of Basilicata. The book uses a combination of text, photography and sound recording to investigate soundful cultural performances such as tree rituals, carnivals, pilgrimages, events promoting cultural heritage and more informal musical performances. Its approach demonstrates how in the acoustic domain tradition is made and disrupted, power struggles take place and acoustic communities are momentarily brought together in shared temporality and space. This book underlines how an attention to sound-making, recording and listening practices can bring innovative contributions to the ethnography of an area that has been studied by Italian and foreign scholars since the 1950s. The approaches of the classic anthropological scholarship on the region have become one of the forces at play in a complex field where discourses on a traditional past, politics of heritage and transnational diasporic communities interact. The book's argument is carried forward not just by textual means, but also through the inclusion of six 'sound-chapters', that is, compositions of sound recordings themed so as to interact with the topic of the corresponding textual chapter, and through a large number of colour photographs. Two methodological chapters, respectively about doing research in sound and on photo-ethnography, explain the authors' approach to field research and to the making of the book. |
| 540 ## - TERMS GOVERNING USE AND REPRODUCTION NOTE | |
| Terms governing use and reproduction | Creative Commons |
| 653 ## - INDEX TERM--UNCONTROLLED | |
| Uncontrolled term | Basilicata |
| 700 1# - ADDED ENTRY--PERSONAL NAME | |
| Personal name | Scaldaferri, Nicola |
| 856 ## - ELECTRONIC LOCATION AND ACCESS | |
| Uniform Resource Identifier | <a href="https://directory.doabooks.org/handle/20.500.12854/63733">https://directory.doabooks.org/handle/20.500.12854/63733</a> |
| 856 ## - ELECTRONIC LOCATION AND ACCESS | |
| Uniform Resource Identifier | <a href="https://library.oapen.org/bitstream/20.500.12657/46718/1/9781526151988_fullhl.pdf">https://library.oapen.org/bitstream/20.500.12657/46718/1/9781526151988_fullhl.pdf</a> |
| 856 ## - ELECTRONIC LOCATION AND ACCESS | |
| Uniform Resource Identifier | <a href="www.oapen.org">www.oapen.org</a> |
| 942 ## - ADDED ENTRY ELEMENTS (KOHA) | |
| Koha item type | E-Book |
| Withdrawn status | Source of classification or shelving scheme | Damaged status | Not for loan | Home library | Current library | Date acquired | Total Checkouts | Date last seen | Price effective from | Koha item type |
|---|---|---|---|---|---|---|---|---|---|---|
| Library of Congress Classification | Not For Loan | Directory of Open Access Books | Directory of Open Access Books | 12/22/2021 | 12/22/2021 | 12/22/2021 | E-Book |